MARC details
| 000 -LEADER |
| fixed length control field |
00980nam a2200205Ia 4500 |
| 003 - CONTROL NUMBER IDENTIFIER |
| control field |
IN-BaIIA |
| 008 - FIXED-LENGTH DATA ELEMENTS--GENERAL INFORMATION |
| fixed length control field |
211028s9999 xx 000 0 eng d |
| 040 ## - CATALOGING SOURCE |
| Transcribing agency |
IIA Library |
| 080 ## - UNIVERSAL DECIMAL CLASSIFICATION NUMBER |
| Universal Decimal Classification number |
524.3-337 |
| Item number |
MAG |
| 111 ## - MAIN ENTRY--MEETING NAME |
| Meeting name or jurisdiction name as entry element |
Symposium on the magnetic and related stars |
| Location of meeting |
Maryland |
| Date of meeting or treaty signing |
1965 Nov. 8-10 |
| 9 (RLIN) |
5409 |
| 245 #4 - TITLE STATEMENT |
| Title |
The magnetic and related stars |
| Remainder of title |
the proceedings of the AAS-NASA symposium on the magnetic and other peculiar and metallic-line A Stars, held at Greenbelt, Maryland, November 8 - 10, 1965 and the 1965 Helen B. Warner Prize Lecture of the American Astronomical Society, presented at Berkeley, California, December 29, 1965 |
| Statement of responsibility, etc. |
edited by Robert C. Cameron |
| 260 ## - PUBLICATION, DISTRIBUTION, ETC. |
| Place of publication, distribution, etc. |
Baltimore |
| Name of publisher, distributor, etc. |
Mono Book |
| Date of publication, distribution, etc. |
1967 |
| 300 ## - PHYSICAL DESCRIPTION |
| Extent |
xi, 596p. |
| 650 ## - SUBJECT ADDED ENTRY--TOPICAL TERM |
| Topical term or geographic name entry element |
Astronomy and astrophysics thesaurus |
| 650 ## - SUBJECT ADDED ENTRY--TOPICAL TERM |
| Topical term or geographic name entry element |
Magnetic stars |
| 9 (RLIN) |
5410 |
| 650 ## - SUBJECT ADDED ENTRY--TOPICAL TERM |
| Topical term or geographic name entry element |
Stars |
| 700 ## - ADDED ENTRY--PERSONAL NAME |
| Personal name |
Cameron, Robert C., ed. |
| 9 (RLIN) |
5411 |
| 710 ## - ADDED ENTRY--CORPORATE NAME |
| Corporate name or jurisdiction name as entry element |
American Astronomical Society |
| 9 (RLIN) |
4342 |
| 942 ## - ADDED ENTRY ELEMENTS (KOHA) |
| Koha item type |
Books |